[Event "Charlotte Spring IMB 2024"]
[Site "Charlotte"]
[Date "2024.03.29"]
[Round "4"]
[White "Bregadze, Levan"]
[Black "Jiang, Andrew"]
[Result "1-0"]
[WhiteElo "2435"]
[BlackElo "2181"]
[PlyCount "59"]
[EventDate "2024.03.27"]
[EventType "tourn"]
[EventRounds "9"]
[EventCountry "USA"]
[SourceTitle "CB14_2024"]
[SourceDate "2024.04.01"]
[SourceVersion "1"]
[SourceVersionDate "2024.04.01"]
[SourceQuality "1"]

1. d4 d5 2. c4 e6 3. Nc3 Nf6 4. cxd5 exd5 5. Bg5 Bb4 6. Rc1 h6 7. Bh4 g5 8. Bg3 Ne4 9. Qb3 Bxc3+ 10. bxc3 h5 11. e3 h4 12. Be5 f6 13. f3 fxe5 14. fxe4 dxe4 15. Bc4 Qe7 16. Ne2 Rf8 17. Rf1 Rxf1+ 18. Kxf1 c6 19. Kg1 Nd7 20. Rf1 Nf6 21. h3 b5 22. Bg8 Qg7 23. Be6 Qe7 24. Bxc8 Rxc8 25. Rf5 exd4 26. Nxd4 Nd5 27. Nxc6 Qc5 28. Nd4 Qxc3 29. Qxb5+ Ke7 30. Re5+ 1-0

[Event "Charlotte Spring IMB 2024"]
[Site "Charlotte"]
[Date "2024.03.27"]
[Round "1"]
[White "Jiang, Andrew"]
[Black "Becerra Rivero, Julio"]
[Result "0-1"]
[WhiteElo "2181"]
[BlackElo "2411"]
[PlyCount "76"]
[EventDate "2024.03.27"]
[EventType "tourn"]
[EventRounds "9"]
[EventCountry "USA"]
[SourceTitle "CB14_2024"]
[SourceDate "2024.04.01"]
[SourceVersion "1"]
[SourceVersionDate "2024.04.01"]
[SourceQuality "1"]

1. e4 c5 2. c3 e6 3. d4 d5 4. exd5 exd5 5. Bb5+ Nc6 6. Nf3 Bd6 7. dxc5 Bxc5 8. 0-0 Nf6 9. Nbd2 0-0 10. Nb3 Bb6 11. Nbd4 Qd6 12. Be2 Re8 13. Be3 Bg4 14. a4 h6 15. Re1 Ne4 16. Nb5 Qd8 17. Bxb6 Qxb6 18. Nfd4 Bxe2 19. Rxe2 a6 20. Nxc6 bxc6 21. Nd4 c5 22. Nf3 Nf6 23. Rxe8+ Rxe8 24. Rb1 a5 25. h3 Rb8 26. Ne5 Qd6 27. Nc4 Qc7 28. Ne3 Qe5 29. Qc2 d4 30. Nc4 Qd5 31. Qd3 Re8 32. Nxa5 Qa2 33. Nc4 Nd5 34. g3 dxc3 35. bxc3 Nxc3 36. Rb7 Qa1+ 37. Kg2 Ne2 38. Rb1 Qxa4 0-1

[Event "Titled Tuesday intern op 12th Mar Early"]
[Site "Chess.com INT"]
[Date "2024.03.12"]
[Round "1"]
[White "Jiang, Andrew"]
[Black "Hamitevici, Vladimir"]
[Result "0-1"]
[WhiteElo "2181"]
[BlackElo "2436"]
[PlyCount "86"]
[EventDate "2024.03.12"]
[EventType "swiss (blitz)"]
[EventRounds "11"]
[EventCountry "USA"]
[SourceTitle "CB12_2024"]
[SourceDate "2023.10.01"]
[SourceVersion "1"]
[SourceVersionDate "2023.10.01"]
[SourceQuality "1"]

1. e4 e5 2. Nf3 Nc6 3. Nc3 Be7 4. a3 Nf6 5. d4 exd4 6. Nxd4 0-0 7. Be2 Re8 8. Bf4 d6 9. Nxc6 bxc6 10. e5 dxe5 11. Bxe5 Bd6 12. Bxd6 cxd6 13. 0-0 d5 14. Bd3 c5 15. Qf3 c4 16. Bxc4 Bg4 17. Qf4 dxc4 18. Qxc4 Qb6 19. Rab1 Rac8 20. Qf4 Qc7 21. Qa4 Bd7 22. Qh4 Bf5 23. Rbc1 Qc4 24. Qg5 Bg6 25. Qg3 Rb8 26. b3 Qg4 27. Qd6 Qd7 28. Qg3 Qg4 29. Qd6 Red8 30. Qa6 Qc8 31. Qa5 Ne4 32. Nd5 Kh8 33. Rfd1 Qc5 34. Qxc5 Nxc5 35. b4 Na4 36. c4 Nb2 37. Rd2 Nd3 38. Rc3 Rbc8 39. Ne3 Nf4 40. Rb2 Rd3 41. Rc1 Rxa3 42. g3 Nd3 43. Rd2 Ne5 0-1

[Event "Titled Tuesday intern op 12th Mar Early"]
[Site "Chess.com INT"]
[Date "2024.03.12"]
[Round "5"]
[White "Olhovik, Andrei"]
[Black "Jiang, Andrew"]
[Result "1-0"]
[WhiteElo "2283"]
[BlackElo "2181"]
[PlyCount "82"]
[EventDate "2024.03.12"]
[EventType "swiss (blitz)"]
[EventRounds "11"]
[EventCountry "USA"]
[SourceTitle "CB12_2024"]
[SourceDate "2023.10.01"]
[SourceVersion "1"]
[SourceVersionDate "2023.10.01"]
[SourceQuality "1"]

1. d4 d5 2. c4 e6 3. Nc3 Nf6 4. cxd5 exd5 5. Bg5 Bb4 6. e3 h6 7. Bxf6 Qxf6 8. Qb3 Qd6 9. Bd3 0-0 10. a3 Bxc3+ 11. Qxc3 Nd7 12. Ne2 c6 13. 0-0 Nb6 14. Nf4 Bd7 15. a4 a5 16. Qb3 Qc7 17. Rfc1 Rfc8 18. Rc5 Ra7 19. Qc3 Qd6 20. Rxa5 Rca8 21. Rxa7 Rxa7 22. a5 g5 23. Ne2 Nc8 24. b4 b5 25. Qc5 Qxc5 26. dxc5 Kf8 27. Nd4 Ke7 28. f3 Kd8 29. Kf2 Ne7 30. h4 g4 31. Kg3 gxf3 32. gxf3 Kc7 33. Rg1 Ra8 34. Kf2 Rh8 35. Rg7 Be8 36. Bh7 Kd7 37. Kg3 Kd8 38. Kf4 f6 39. Bf5 Bd7 40. Bxd7 Kxd7 41. Nf5 Re8 1-0

[Event "Charlotte op"]
[Site "Charlotte"]
[Date "2024.01.15"]
[Round "5"]
[White "Jiang, Andrew"]
[Black "Rajagopal, Adharsh"]
[Result "1-0"]
[WhiteElo "2213"]
[BlackElo "1895"]
[PlyCount "117"]
[EventDate "2024.01.05"]
[EventType "swiss"]
[EventRounds "6"]
[EventCountry "USA"]
[SourceTitle "CB04_2024"]
[SourceDate "2023.10.16"]
[SourceVersion "1"]
[SourceVersionDate "2023.10.16"]
[SourceQuality "1"]

1. d4 Nf6 2. Nc3 d5 3. Bf4 g6 4. e3 Bg7 5. Nb5 Na6 6. h3 0-0 7. Nf3 c6 8. Nc3 Qa5 9. Qd2 Nb4 10. a3 Bf5 11. Rc1 Na6 12. g4 Bc8 13. Bg2 Qb6 14. b4 Qd8 15. Ne5 Nc7 16. a4 Nd7 17. Nxd7 Bxd7 18. 0-0 Ne8 19. Bg3 Nd6 20. Qd3 Nc4 21. Rb1 e5 22. e4 exd4 23. Ne2 Ne5 24. Bxe5 Bxe5 25. exd5 cxd5 26. b5 Qb6 27. Bxd5 Be6 28. Bxe6 fxe6 29. Qe4 Bg7 30. Nf4 Rae8 31. Rfe1 Qd6 32. Nd3 Qc7 33. Re2 b6 34. Kg2 Qc4 35. Rb4 Qc3 36. f4 Kh8 37. h4 e5 38. Rb3 Qa1 39. Re1 Qxa4 40. fxe5 Qc4 41. Re2 Qf7 42. Rb1 Qe7 43. Rh1 Bf6 44. h5 gxh5 45. Rxh5 Rg8 46. Rf2 Bh4 47. Rf3 Rxg4+ 48. Qxg4 Rg8 49. Kh3 Rxg4 50. Kxg4 Qc7 51. Rxh4 Qxc2 52. Rfh3 Kg8 53. Rxh7 Qc4 54. Nf4 Qc8+ 55. e6 Qc4 56. Rh8+ Kg7 57. e7 Qf1 58. e8N+ Kf7 59. R3h7# 1-0

[Event "Charlotte op"]
[Site "Charlotte"]
[Date "2024.01.14"]
[Round "2"]
[White "Brodsky, David"]
[Black "Jiang, Andrew"]
[Result "1-0"]
[WhiteElo "2492"]
[BlackElo "2213"]
[PlyCount "71"]
[EventDate "2024.01.05"]
[EventType "swiss"]
[EventRounds "6"]
[EventCountry "USA"]
[SourceTitle "CB04_2024"]
[SourceDate "2023.10.16"]
[SourceVersion "1"]
[SourceVersionDate "2023.10.16"]
[SourceQuality "1"]

1. e4 e5 2. Nf3 Nc6 3. Bb5 a6 4. Ba4 Nf6 5. 0-0 Be7 6. Re1 b5 7. Bb3 d6 8. c3 0-0 9. h3 Nb8 10. d4 Nbd7 11. Nbd2 Bb7 12. Bc2 Re8 13. Nf1 Bf8 14. Ng3 g6 15. Bd2 Bg7 16. Qc1 d5 17. Bg5 h6 18. Bxh6 dxe4 19. Nxe5 Nxe5 20. dxe5 Rxe5 21. Bf4 Re6 22. Rd1 Qe7 23. Bb3 Rb6 24. Qe3 a5 25. Bh6 Qe5 26. f4 Qe7 27. f5 a4 28. fxg6 axb3 29. Bxg7 fxg6 30. Bxf6 Rxf6 31. axb3 Kg7 32. Rxa8 Bxa8 33. b4 Bc6 34. Ne2 Qe5 35. Nd4 Bb7 36. Nb3 1-0

[Event "Charlotte op"]
[Site "Charlotte"]
[Date "2024.01.14"]
[Round "4"]
[White "Cordova, Emilio"]
[Black "Jiang, Andrew"]
[Result "1-0"]
[WhiteElo "2563"]
[BlackElo "2213"]
[PlyCount "53"]
[EventDate "2024.01.05"]
[EventType "swiss"]
[EventRounds "6"]
[EventCountry "USA"]
[SourceTitle "CB04_2024"]
[SourceDate "2023.10.16"]
[SourceVersion "1"]
[SourceVersionDate "2023.10.16"]
[SourceQuality "1"]

1. Nf3 d5 2. g3 Nf6 3. Bg2 e6 4. 0-0 Be7 5. d3 0-0 6. Nbd2 c5 7. e4 Nc6 8. Re1 b6 9. e5 Nd7 10. Nf1 Qc7 11. Bf4 Ba6 12. h4 Rfd8 13. h5 h6 14. Ne3 b5 15. Qd2 Bf8 16. Ng4 Kh7 17. Nfh2 c4 18. d4 b4 19. c3 Bb5 20. Re3 Ne7 21. Rf3 bxc3 22. bxc3 Ng8 23. Qc2+ Kh8 24. Bxh6 Nxh6 25. Nxh6 gxh6 26. Rxf7 Bg7 27. Ng4 1-0

[Event "US Masters op"]
[Site "Charlotte"]
[Date "2023.11.25"]
[Round "7"]
[White "Jiang, Andrew"]
[Black "Belenkaya, Dina"]
[Result "0-1"]
[WhiteElo "2125"]
[BlackElo "2250"]
[PlyCount "131"]
[EventDate "2023.11.22"]
[EventType "swiss"]
[EventRounds "9"]
[EventCountry "USA"]
[SourceTitle "CB48_2023"]
[SourceDate "2023.11.29"]
[SourceVersion "1"]
[SourceVersionDate "2023.11.29"]
[SourceQuality "1"]

1. e4 c6 2. Nf3 d5 3. d3 dxe4 4. dxe4 Qxd1+ 5. Kxd1 Nf6 6. Nfd2 g6 7. f3 h5 8. h4 Nbd7 9. c3 Bh6 10. Kc2 Nc5 11. a4 a5 12. Bc4 Nfd7 13. Nb3 Bxc1 14. Rxc1 Nxb3 15. Bxb3 Nc5 16. Bc4 Bd7 17. Rd1 f6 18. Nd2 g5 19. hxg5 fxg5 20. Rh1 e5 21. Rh2 Ke7 22. Nb3 Nxb3 23. Bxb3 h4 24. Kd3 Raf8 25. Ke3 Rh6 26. Bc4 Rhf6 27. Be2 c5 28. Kd2 Rb6 29. Kc2 Be6 30. Bb5 c4 31. Rd1 Rh8 32. g3 Bf7 33. g4 Be6 34. Rh3 Rf8 35. Rd2 Rd6 36. Rxd6 Kxd6 37. Kd2 Kc5 38. Ke2 Rd8 39. Rh1 Rd3 40. Rc1 Rd6 41. Rb1 Bc8 42. Ke3 b6 43. Ke2 Be6 44. Ke3 Bd7 45. b4+ cxb3 46. Rxb3 Be6 47. Rb2 Bc4 48. Kf2 Re6 49. Bd7 Rh6 50. Kg2 Rf6 51. Kf2 b5 52. axb5 Rb6 53. f4 exf4 54. e5 a4 55. Rb4 a3 56. Ra4 a2 57. Ra8 Kd5 58. e6 Kd6 59. Ra4 Bd5 60. Bc6 Bxe6 61. Kf3 Kc5 62. Ke4 h3 63. Ke5 Bc4 64. Ra8 Rxc6 65. bxc6 Kxc6 66. Kd4 0-1

[Event "Titled Tuesday intern op 18th Jul Early"]
[Site "Chess.com INT"]
[Date "2023.07.18"]
[Round "8"]
[White "Bilan, Danila"]
[Black "Jiang, Andrew"]
[Result "0-1"]
[WhiteElo "2303"]
[BlackElo "2170"]
[PlyCount "126"]
[EventDate "2023.07.18"]
[EventType "swiss (blitz)"]
[EventRounds "11"]
[EventCountry "USA"]
[SourceTitle "EXT 2024"]
[Source "ChessBase"]
[SourceDate "2023.10.10"]
[SourceVersion "1"]
[SourceVersionDate "2023.10.10"]
[SourceQuality "1"]

1. d4 d5 2. Nf3 Nf6 3. c4 c6 4. Nc3 Bf5 5. Qb3 Qb6 6. c5 Qxb3 7. axb3 Na6 8. Ra4 Bc2 9. Nd2 e5 10. e3 exd4 11. exd4 Nc7 12. b4 Bxa4 13. Nxa4 0-0-0 14. Bd3 Re8+ 15. Kd1 g6 16. Nf3 Bg7 17. Nc3 Ne6 18. h3 Ne4 19. Be3 f5 20. g3 Re7 21. Kc2 Rhe8 22. Ne2 Nc7 23. Nf4 Nxg3 24. Ra1 Kb8 25. Ng2 Ne4 26. Bf4 h6 27. h4 a6 28. Ne3 Kc8 29. Rg1 Re6 30. Ne5 Bxe5 31. Bxe5 Nxf2 32. Be2 Rxe5 33. dxe5 Rxe5 34. Kd2 Re6 35. Nc2 Ne4+ 36. Kd3 Nb5 37. Rg2 a5 38. bxa5 Nxc5+ 39. Kd2 Nb3+ 40. Kd1 Nxa5 41. Bxb5 cxb5 42. Nd4 Re4 43. Nxb5 Rxh4 44. Rxg6 Nc4 45. Rg7 Nxb2+ 46. Kc2 Na4 47. Nd6+ Kd8 48. Nxb7+ Ke8 49. Nd6+ Kf8 50. Ra7 Rh2+ 51. Kd3 Nc5+ 52. Kd4 Ne6+ 53. Ke5 Ng7 54. Kf6 Nh5+ 55. Kg6 Nf4+ 56. Kxf5 Rf2 57. Ke5 h5 58. Rf7+ Kg8 59. Re7 Ng6+ 60. Ke6 Nxe7 61. Kxe7 d4 62. Ne4 Re2 63. Kd6 Rxe4 0-1

[Event "Titled Tuesday intern op 18th Jul Early"]
[Site "Chess.com INT"]
[Date "2023.07.18"]
[Round "11"]
[White "Jiang, Andrew"]
[Black "Portela Peleteiro, Alberto"]
[Result "1-0"]
[WhiteElo "2170"]
[BlackElo "2329"]
[PlyCount "151"]
[EventDate "2023.07.18"]
[EventType "swiss (blitz)"]
[EventRounds "11"]
[EventCountry "USA"]
[SourceTitle "EXT 2024"]
[Source "ChessBase"]
[SourceDate "2023.10.10"]
[SourceVersion "1"]
[SourceVersionDate "2023.10.10"]
[SourceQuality "1"]

1. e4 c5 2. c3 Nf6 3. e5 Nd5 4. Nf3 d6 5. Bb5+ Nc6 6. d4 cxd4 7. c4 Nb6 8. Nxd4 Bd7 9. exd6 Nxd4 10. Qxd4 Bxb5 11. cxb5 Qxd6 12. Qxd6 exd6 13. Nc3 Be7 14. 0-0 0-0 15. Bf4 d5 16. Be3 Rfd8 17. Rfd1 Bf6 18. Bxb6 axb6 19. Nxd5 Bxb2 20. Rab1 Bf6 21. Nxb6 Rxd1+ 22. Rxd1 Rxa2 23. Nd5 Bd4 24. Ne3 Bb6 25. Rd6 Ra1+ 26. Nf1 Bc5 27. Rd8+ Bf8 28. Rb8 g6 29. Rxb7 Bc5 30. Rc7 Bd4 31. Rd7 Rd1 32. Rc7 Rb1 33. Rd7 Bc5 34. Rb7 Kg7 35. g3 h5 36. Kg2 Rb2 37. Rc7 Bxf2 38. Kf3 Bb6 39. Rc6 Rxb5 40. h4 Rf5+ 41. Ke2 Bd4 42. Nd2 Rf2+ 43. Kd3 Be5 44. Ne4 Rf3+ 45. Ke2 Ra3 46. Kf2 f5 47. Ng5 Bxg3+ 48. Kg2 Bxh4 49. Rc7+ Kf6 50. Nh7+ Ke5 51. Nf8 Ra6 52. Rb7 f4 53. Kf3 g5 54. Rb5+ Kf6 55. Nd7+ Ke7 56. Ne5 Ra3+ 57. Ke4 Re3+ 58. Kf5 Rxe5+ 59. Rxe5+ Kf7 60. Rb5 f3 61. Rb7+ Ke8 62. Rb1 f2 63. Rf1 g4 64. Kf4 Kf7 65. Ke3 Kg6 66. Kf4 Kf6 67. Rh1 Bg5+ 68. Kg3 Be3 69. Kg2 Kg5 70. Rf1 h4 71. Ra1 h3+ 72. Kg3 Bd4 73. Ra5+ Kg6 74. Ra6+ Kf5 75. Ra5+ Ke4 76. Ra2 1-0

[Event "Titled Tuesday intern op 18th Jul Early"]
[Site "Chess.com INT"]
[Date "2023.07.18"]
[Round "2"]
[White "Jiang, Andrew"]
[Black "Tregubov, Pavel V"]
[Result "1-0"]
[WhiteElo "2170"]
[BlackElo "2567"]
[PlyCount "91"]
[EventDate "2023.07.18"]
[EventType "swiss (blitz)"]
[EventRounds "11"]
[EventCountry "USA"]
[SourceTitle "EXT 2024"]
[Source "ChessBase"]
[SourceDate "2023.10.10"]
[SourceVersion "1"]
[SourceVersionDate "2023.10.10"]
[SourceQuality "1"]

1. e4 e6 2. d4 d5 3. Bd3 dxe4 4. Bxe4 Nf6 5. Bf3 Bd6 6. Ne2 Nbd7 7. c4 e5 8. Nbc3 c6 9. 0-0 0-0 10. Bg5 h6 11. Bxf6 Nxf6 12. d5 Qc7 13. dxc6 bxc6 14. Nb5 cxb5 15. Bxa8 bxc4 16. Nc3 e4 17. Nxe4 Bxh2+ 18. Kh1 Be5 19. Nxf6+ Bxf6 20. Qf3 Bxb2 21. Rae1 c3 22. Be4 c2 23. Rc1 Bxc1 24. Rxc1 Be6 25. Rxc2 Qe5 26. Re2 Qg5 27. Qe3 Qh5+ 28. Kg1 Rc8 29. Bd3 Qh4 30. g3 Qa4 31. Bb1 Rd8 32. Kh2 Qa5 33. Kg2 Bd5+ 34. Kg1 Be6 35. Kg2 Qd5+ 36. Be4 Qh5 37. Bc2 Bd5+ 38. f3 Be6 39. g4 Qa5 40. Qe4 g6 41. Bd3 Qg5 42. Re3 Rb8 43. Kg3 Rb2 44. Qa8+ Kg7 45. Re4 h5 46. Qxa7 1-0

[Event "Titled Tuesday intern op 18th Jul Early"]
[Site "Chess.com INT"]
[Date "2023.07.18"]
[Round "10"]
[White "Molina, Roberto Junio Brito"]
[Black "Jiang, Andrew"]
[Result "1-0"]
[WhiteElo "2403"]
[BlackElo "2170"]
[PlyCount "63"]
[EventDate "2023.07.18"]
[EventType "swiss (blitz)"]
[EventRounds "11"]
[EventCountry "USA"]
[SourceTitle "EXT 2024"]
[Source "ChessBase"]
[SourceDate "2023.10.10"]
[SourceVersion "1"]
[SourceVersionDate "2023.10.10"]
[SourceQuality "1"]

1. e4 e5 2. f4 d5 3. exd5 exf4 4. Bb5+ Bd7 5. Bxd7+ Qxd7 6. c4 Nf6 7. Nf3 c6 8. Qe2+ Be7 9. Ne5 Qc7 10. d4 cxd5 11. Bxf4 Qb6 12. c5 Qb4+ 13. Qd2 Qxd2+ 14. Kxd2 Ne4+ 15. Kc2 0-0 16. Nc3 b6 17. Nxd5 Bd8 18. Rae1 f5 19. c6 Nxc6 20. Nxc6 Rc8 21. Bc7 Bxc7 22. Nde7+ Kf7 23. Nxc8 Rxc8 24. Nxa7 Ra8 25. Nb5 Bd8 26. a3 Ke6 27. Nc3 Rc8 28. Kd3 Bf6 29. Nxe4 fxe4+ 30. Rxe4+ Kd5 31. Rf1 b5 32. Rf5+ 1-0

[Event "Charlotte Super op"]
[Site "Charlotte"]
[Date "2023.07.10"]
[Round "2"]
[White "Mitkov, Nikola"]
[Black "Jiang, Andrew"]
[Result "1/2-1/2"]
[WhiteElo "2447"]
[BlackElo "2170"]
[PlyCount "76"]
[EventDate "2023.07.09"]
[EventType "swiss"]
[EventRounds "9"]
[EventCountry "USA"]
[SourceTitle "CBM 215 Extra"]
[Source "ChessBase"]
[SourceDate "2023.09.30"]
[SourceVersion "1"]
[SourceVersionDate "2023.09.30"]
[SourceQuality "1"]

1. e4 e5 2. Bc4 Nf6 3. d3 c6 4. Bb3 d5 5. Nf3 a5 6. a3 a4 7. Ba2 Bd6 8. Nc3 Be6 9. exd5 cxd5 10. 0-0 h6 11. Nb5 Nc6 12. Nxd6+ Qxd6 13. h3 0-0 14. Re1 Nd7 15. d4 e4 16. Nh2 f5 17. f4 b5 18. c3 Nb6 19. Qe2 Nc4 20. Nf3 exf3 21. Qxe6+ Qxe6 22. Rxe6 N6a5 23. gxf3 Rfe8 24. Re5 Nxe5 25. fxe5 Nc4 26. Kf2 Kf7 27. Be3 Ke6 28. Rg1 g5 29. Bc1 Rg8 30. Bb1 Rg7 31. Bd3 Rag8 32. Be2 f4 33. Bd1 h5 34. Be2 Rg6 35. Bd3 R6g7 36. Be2 Rg6 37. Bd3 R6g7 38. Be2 Rg6 1/2-1/2

[Event "Chicago op 32nd"]
[Site "Chicago"]
[Date "2023.05.26"]
[Round "3"]
[White "Aadit, Bhatia"]
[Black "Jiang, Andrew"]
[Result "0-1"]
[WhiteElo "1926"]
[BlackElo "2201"]
[PlyCount "80"]
[EventDate "2023.05.25"]
[EventType "swiss"]
[EventRounds "9"]
[EventCountry "USA"]
[SourceTitle "CBM 214 Extra"]
[Source "ChessBase"]
[SourceDate "2023.07.31"]
[SourceVersion "1"]
[SourceVersionDate "2023.07.31"]
[SourceQuality "1"]

1. d4 d5 2. c4 e6 3. g3 Nf6 4. Bg2 Be7 5. Nf3 0-0 6. 0-0 c6 7. Qc2 b6 8. Nbd2 Bb7 9. Rd1 Na6 10. a3 Rc8 11. b4 c5 12. bxc5 bxc5 13. Rb1 Bc6 14. cxd5 Nxd5 15. Ne5 Be8 16. Qd3 Nac7 17. dxc5 Ba4 18. Nb3 Nc3 19. Bc6 Nxd1 20. Nd4 Bxc5 21. Nd7 Nxf2 22. Kxf2 Bxd4+ 23. Ke1 Bxc6 24. Nxf8 Kxf8 25. Qxh7 Bc3+ 26. Kf2 Qf6+ 27. Bf4 Qd4+ 28. Be3 Qf6+ 29. Kg1 Bd4 30. Qd3 Bxe3+ 31. Qxe3 Qf5 32. Rc1 Qd5 33. Kf2 Qg2+ 34. Ke1 Qh1+ 35. Kf2 Qxh2+ 36. Ke1 Nd5 37. Qxa7 Qxg3+ 38. Kd2 Qf4+ 39. e3 Qf2+ 40. Kd3 Bb5+ 0-1

[Event "Foxwoods op 15th"]
[Site "Ledyard"]
[Date "2023.04.06"]
[Round "3"]
[White "Harriott, Tyrell"]
[Black "Jiang, Andrew"]
[Result "1-0"]
[WhiteElo "1889"]
[BlackElo "2201"]
[PlyCount "63"]
[EventDate "2023.04.05"]
[EventType "swiss"]
[EventRounds "9"]
[EventCountry "USA"]
[SourceTitle "CBM 213 Extra"]
[Source "ChessBase"]
[SourceDate "2023.05.31"]
[SourceVersion "1"]
[SourceVersionDate "2023.05.31"]
[SourceQuality "1"]

1. d4 d5 2. e3 Nf6 3. Bd3 c5 4. c3 Nc6 5. f4 Bg4 6. Ne2 e6 7. Nd2 Bd6 8. 0-0 0-0 9. Nf3 c4 10. Bc2 Ne7 11. Ne5 Bf5 12. Ng3 b5 13. a3 a5 14. Bd2 Rb8 15. Re1 Qc7 16. Nxf5 exf5 17. Re2 Ne4 18. Be1 f6 19. Nf3 b4 20. axb4 axb4 21. Rc1 g5 22. fxg5 fxg5 23. cxb4 Ng6 24. b3 Rbd8 25. bxc4 g4 26. c5 Be7 27. Bxe4 dxe4 28. Qb3+ Kg7 29. Ne5 f4 30. Nxg6 hxg6 31. d5 f3 32. Rec2 1-0

[Event "Titled Tuesday intern op 14th Mar Early"]
[Site "Chess.com INT"]
[Date "2023.03.14"]
[Round "3"]
[White "Jiang, Andrew"]
[Black "Ardila, Oscar Humberto"]
[Result "1-0"]
[WhiteElo "2201"]
[BlackElo "1982"]
[PlyCount "43"]
[EventDate "2023.03.14"]
[EventType "swiss (blitz)"]
[EventRounds "11"]
[EventCountry "USA"]
[SourceTitle "EXT 2024"]
[Source "ChessBase"]
[SourceDate "2023.10.10"]
[SourceVersion "1"]
[SourceVersionDate "2023.10.10"]
[SourceQuality "1"]

1. e4 e5 2. Nf3 Nf6 3. Nc3 Nc6 4. a3 Bc5 5. Nxe5 Bxf2+ 6. Kxf2 Nxe5 7. d4 Ng6 8. e5 Ng8 9. Qe1 N8e7 10. Bd3 0-0 11. h4 h5 12. g4 d6 13. gxh5 Nh8 14. h6 g6 15. h5 Kh7 16. Ne4 Ng8 17. Ng5+ Qxg5 18. Bxg5 dxe5 19. Qxe5 f6 20. hxg6+ Nxg6 21. Qxc7+ N8e7 22. Qxe7+ 1-0

[Event "Titled Tuesday intern op 14th Mar Early"]
[Site "Chess.com INT"]
[Date "2023.03.14"]
[Round "2"]
[White "Zamorano, Jorge Adrian"]
[Black "Jiang, Andrew"]
[Result "1-0"]
[WhiteElo "2339"]
[BlackElo "2201"]
[PlyCount "47"]
[EventDate "2023.03.14"]
[EventType "swiss (blitz)"]
[EventRounds "11"]
[EventCountry "USA"]
[SourceTitle "EXT 2024"]
[Source "ChessBase"]
[SourceDate "2023.10.10"]
[SourceVersion "1"]
[SourceVersionDate "2023.10.10"]
[SourceQuality "1"]

1. e4 e5 2. g3 d5 3. Nc3 d4 4. Nce2 f5 5. d3 fxe4 6. dxe4 Nf6 7. Bg2 Bb4+ 8. Bd2 Bxd2+ 9. Qxd2 Be6 10. f4 0-0 11. fxe5 Ng4 12. Nf4 Qd7 13. Bh3 Nc6 14. Nf3 Rae8 15. 0-0-0 Bxa2 16. b3 Ncxe5 17. Nxe5 Rxe5 18. Kb2 a5 19. Kxa2 a4 20. Kb2 axb3 21. cxb3 Rb5 22. Bxg4 Qxg4 23. Qxd4 Ra8 24. Qc4+ 1-0

[Event "Titled Tuesday intern op 17th Jan Early"]
[Site "Chess.com INT"]
[Date "2023.01.17"]
[Round "2"]
[White "Ashraf, Artin"]
[Black "Jiang, Andrew"]
[Result "1-0"]
[WhiteElo "2359"]
[BlackElo "2000"]
[PlyCount "43"]
[EventDate "2023.01.17"]
[EventType "swiss (blitz)"]
[EventRounds "11"]
[EventCountry "USA"]
[SourceTitle "CBM 212 Extra"]
[Source "ChessBase"]
[SourceDate "2023.03.31"]
[SourceVersion "1"]
[SourceVersionDate "2023.03.31"]
[SourceQuality "1"]

1. e4 e5 2. Nf3 Nc6 3. Bb5 a6 4. Ba4 Nf6 5. 0-0 Nxe4 6. d4 b5 7. Bb3 d5 8. dxe5 Be6 9. c3 Bc5 10. Nbd2 Qe7 11. Bc2 Ng5 12. Nxg5 Qxg5 13. Ne4 Qe7 14. Bg5 Qf8 15. Ng3 Nxe5 16. Re1 Qd6 17. Nh5 0-0 18. Rxe5 f6 19. Qd3 Qxe5 20. Qxh7+ Kf7 21. Qxg7+ Ke8 22. Nxf6+ 1-0

[Event "Titled Tuesday intern op 17th Jan Early"]
[Site "Chess.com INT"]
[Date "2023.01.17"]
[Round "3"]
[White "Jiang, Andrew"]
[Black "Ginzburg, Yakov"]
[Result "0-1"]
[WhiteElo "2000"]
[BlackElo "2405"]
[PlyCount "132"]
[EventDate "2023.01.17"]
[EventType "swiss (blitz)"]
[EventRounds "11"]
[EventCountry "USA"]
[SourceTitle "CBM 212 Extra"]
[Source "ChessBase"]
[SourceDate "2023.03.31"]
[SourceVersion "1"]
[SourceVersionDate "2023.03.31"]
[SourceQuality "1"]

1. e4 c5 2. g3 e6 3. Bg2 d5 4. exd5 exd5 5. d4 Nf6 6. Ne2 Be7 7. 0-0 0-0 8. dxc5 Na6 9. Nbc3 Bg4 10. h3 Bxe2 11. Qxe2 Nxc5 12. Rd1 d4 13. Be3 Ne6 14. Nb5 dxe3 15. Rxd8 exf2+ 16. Qxf2 Raxd8 17. Kh2 Bc5 18. Qf5 a6 19. Nc3 Rd2 20. Rd1 Rf2 21. Qe5 Rxc2 22. Nd5 Nxd5 23. Rxd5 Bb6 24. Rd7 Bc7 25. Qf5 Rxb2 26. h4 g6 27. Qf6 Rxa2 28. Kh3 Ra3 29. Rxc7 Nxc7 30. Qd6 Rc3 31. Bxb7 Rb8 32. Bxa6 Nxa6 33. Qxa6 Rbb3 34. Qa8+ Kg7 35. Qa1 h5 36. Kh2 Kh7 37. Qa7 Rf3 38. Qe7 Rb2+ 39. Kg1 Rxg3+ 40. Kf1 Rf3+ 41. Ke1 Rf5 42. Kd1 Rbf2 43. Ke1 R2f4 44. Ke2 Rf6 45. Kd3 R4f5 46. Qd7 Kg7 47. Ke4 Rf4+ 48. Ke3 Rxh4 49. Qd8 Rhf4 50. Qd7 h4 51. Qd1 h3 52. Qh1 Rf3+ 53. Ke4 R6f4+ 54. Kd5 g5 55. Qg1 Kg6 56. Qb1+ Rf5+ 57. Ke4 h2 58. Qb6+ Rf6 59. Qb1 Rf1 60. Qd3 h1Q+ 61. Ke5+ R1f5+ 62. Kd4 Rd6+ 63. Kc4 Rxd3 64. Kxd3 Rf4 65. Ke3 Qh3+ 66. Ke2 Rg4 0-1

[Event "North American op 32nd"]
[Site "Las Vegas"]
[Date "2022.12.28"]
[Round "5"]
[White "Jiang, Andrew"]
[Black "Goldenberg, Ryan D"]
[Result "1/2-1/2"]
[WhiteElo "1959"]
[BlackElo "2203"]
[PlyCount "90"]
[EventDate "2022.12.26"]
[EventType "swiss"]
[EventRounds "9"]
[EventCountry "USA"]
[SourceTitle "CBM 211 Extra"]
[Source "ChessBase"]
[SourceDate "2023.01.31"]
[SourceVersion "1"]
[SourceVersionDate "2023.01.31"]
[SourceQuality "1"]

1. e4 e6 2. d4 d5 3. e5 c5 4. c3 Nc6 5. Nf3 Qb6 6. a3 c4 7. Nbd2 Na5 8. g3 Bd7 9. h4 h5 10. Bh3 Nh6 11. 0-0 Be7 12. Re1 0-0-0 13. Rb1 Kb8 14. Nf1 Rde8 15. Ne3 Qd8 16. Ng2 Nb3 17. Bg5 Ba4 18. Qe2 Na5 19. Nf4 g6 20. Qd2 Bxg5 21. Nxg5 Nc6 22. f3 Qe7 23. Re2 a5 24. Ng2 Nf5 25. Bxf5 gxf5 26. Rbe1 b5 27. g4 hxg4 28. fxg4 fxg4 29. Rf1 Ref8 30. Ref2 Nd8 31. Rf6 g3 32. R1f3 b4 33. axb4 axb4 34. cxb4 Kb7 35. Rxg3 Kb6 36. Nf4 Kb5 37. Ne2 Qxb4 38. Nc3+ Ka6 39. Qf2 Bc6 40. Rgf3 Rfg8 41. Kf1 Qa5 42. Na2 Kb6 43. Ra3 Qb5 44. Nc3 Qb4 45. Na2 Qb5 1/2-1/2